000 00644nam a2200169 a 4500
005 20140414131907.0
008 100930s19uu xx 00 eng d
050 _aM 937
_bOs1 2006
100 _aOsborne, Mary Pope
245 _aAncient Rome and Pompeii :
_ba nonfiction companion to Vacation under the volcano /
_cby Mary POpe Osborne and Natalie Pope Boyce ; illustrated by Sal Murdocca.
250 _a1st ed.
260 _aNew York :
_bRandom House,
_c2009.
440 _aMagical tree house research guide
650 _aRome
_xcivlilization
_xJuvenile literature
650 _aPompeii (extinct city)
_xJuvenile literature
999 _c111009
_d111009